VY - Stasjoner (~øst) - Statistics

General Stats
  • This quiz has been taken 6 times
  • The average score is 119 of 235
Answer Stats
Linje Stasjon % Correct
R21 Ås
80%
L1 | R12 | R13 | +3 others Asker
80%
R13 Brakerøya
80%
R13 Dal
80%
R12 | R13 | RE10 | RE11 Drammen
80%
R13 Kløfta
80%
L1 | R12 | R13 | +3 others Lillestrøm
80%
L1 | L2 | L2X | +11 others Oslo S
80%
L1 | R12 | R13 | +3 others Sandvika
80%
L1 | L2 | R12 | +4 others Skøyen
80%
L1 Alna
60%
R14 Blaker
60%
R12 | RE10 | RE11 Eidsvoll
60%
R13 Frogner
60%
L1 Grorud
60%
L2 | L2x Hauketo
60%
R12 Hokksund
60%
L2 | L2X Holmlia
60%
L1 Høvik
60%
R13 Jessheim
60%
R31 | RE30 Kjelsås
60%
L2 | L2x Kolbotn
60%
R13 Leirsund
60%
R13 Lier
60%
RE10 Lillehammer
60%
R13 Lindeberg
60%
L2 Ljan
60%
L1 | L2 | R12 | +4 others Lysaker
60%
R12 Mjøndalen
60%
L1 | L2 | R12 | +4 others Nationaltheatret
60%
R13 Nordby
60%
L2 Nordstrand
60%
R12 | RE10 | RE11 Oslo Lufthavn
60%
L2 Rosenholm
60%
L2 | L2X | R21 | +3 others Ski
60%
L1 Slependen
60%
L1 Spikkestad
60%
R31 Tøyen
60%
R14 Årnes
40%
R22 Askim
40%
R14 Auli
40%
L1 Billingstad
40%
R31 | RE30 Bleiken
40%
L1 Blommenholm
40%
R14 Bodung
40%
L1 Bondivann
40%
RE10 Brumunddal
40%
L1 Bryn
40%
R12 Darbu
40%
RE10 Dombås
40%
RE10 Dovre
40%
RE20 Ed
40%
R22 Eidsberg
40%
R12 | RE11 Eidsvoll Verk
40%
R31 | RE30 Eina
40%
R14 Fetsund
40%
L1 Fjellhamar
40%
RE20 Fredrikstad
40%
R31 | RE30 Gjøvik
40%
RE20 Göteborg
40%
R31 | RE30 Gran
40%
L2 Greverud
40%
L1 Gullhella
40%
R12 Gulskogen
40%
R14 Haga
40%
R31 Hakadal
40%
RE20 Halden
40%
RE10 Hamar
40%
L1 Hanaborg
40%
R13 Hauerseter
40%
L1 Haugenstua
40%
L1 Heggedal
40%
R22 Heia
40%
RE11 Holmestrand
40%
L1 Høn
40%
L1 Høybråten
40%
RE10 Hunderfossen
40%
L1 Hvalstad
40%
R31 | RE30 Jaren
40%
R21 Kambo
40%
R22 Knapstad
40%
R12 Kongsberg
40%
R14 Kongsvinger
40%
R22 Kråkstad
40%
L2 Langhus
40%
RE11 Larvik
40%
L1 Lørenskog
40%
R31 | RE30 Lunner
40%
RE10 Moelv
40%
R21 | RE20 Moss
40%
R31 Movatn
40%
L2 Myrvoll
40%
R22 Mysen
40%
R14 Nerdrum
40%
R55 Nordagutu
40%
R55 Notodden
40%
RE30 Nydalen
40%
L1 Nyland
40%
L2 | L2X Oppegård
40%
RE10 Otta
40%
R55 | RE11 Porsgrunn
40%
RE20 Råde
40%
R22 Rakkestad
40%
R14 Rånåsfoss
40%
R31 | RE30 Raufoss
40%
RE10 Ringebu
40%
L1 Røyken
40%
RE20 Rygge
40%
L1 Sagdalen
40%
RE11 Sande
40%
RE11 Sandefjord
40%
RE20 Sarpsborg
40%
R14 Skarnes
40%
R55 | RE11 Skien
40%
RE11 Skoppum
40%
R22 Skotbu
40%
R22 Slitu
40%
R31 Snippen
40%
L2 Solbråtan
40%
R21 Sonsveien
40%
R14 Sørumsand
40%
R22 Spydeberg
40%
L1 | L2 Stabekk
40%
RE10 Stange
40%
R12 Steinberg
40%
RE11 Stokke
40%
L1 Strømmen
40%
R14 Svingen
40%
RE10 Tangen
40%
R22 Tomter
40%
RE11 Tønsberg
40%
RE11 Torp
40%
RE20 Trollhättan
40%
R14 Tuen
40%
L1 Vakås
40%
R31 Varingskollen
40%
R21 Vestby
40%
R12 Vestfossen
40%
L2 | L2x Vevelstad
40%
RE10 Vinstra
40%
R31 Åneby
20%
R31 | RE30 Grefsen
20%
R31 | RE30 Grua
20%
R31 | RE30 Harestua
20%
RE10 Kvam
20%
RE10 Kvitfjell
20%
R55 Nisterud
20%
R31 | RE30 Nittedal
20%
R31 Reinsvoll
20%
R31 | RE30 Roa
20%
R31 | RE30 Stryken
20%
R55 Trykkerud
20%
RE30 Reinsfoss
0%
No matching quizzes found
Score Distribution
Percent of People with Each Score
Percentile by Number Answered
Your Score History
You have not taken this quiz